000 00496nam a22001697a 4500
005 20251108165959.0
008 250721s1992 xx 000 0 ara d
082 1 4 _aق/تيم
100 1 _aتيمور، أحمد فؤاد
_eمؤلف
245 1 0 _aزورق الأحلام :
_bأقصوصة /
264 1 _aالقاهرة :
_bمكتبة الآداب،
_c1992.
300 _a160ص.
650 1 7 _aالأدب العربي
650 1 7 _aالأدب القصصي
942 _2ddc
_cBK
999 _c36515
_d36515